banner-ar

هكذا يعيش بيننا سكان الكواكب الاخرى أول بحث علمى عن اسرار الفضاء / (Record no. 35851)

MARC details
000 -الفاتح
حقل البيانات ثابتة الطول 00640nam a2200193Ia 4500
008 - عناصر البيانات ثابتة الطول - معلومات عامة
حقل البيانات ثابتة الطول 140319s9999 xx 000 0 ara d
040 ## - مصدر الفهرسة
وكالة الفهرسة الأصلية GCL /
وكالة النسخ GCL
082 04 - رقم تصنيف ديوى العشرى
رقم التصنيف 500.5
رقم المادة ب هــ
100 1# - المدخل الرئيسى - إسم شخصى
الإسم الشخصى خليل احمد خليل
245 10 - بيان العنوان
العنوان هكذا يعيش بيننا سكان الكواكب الاخرى أول بحث علمى عن اسرار الفضاء /
بيان المسئوليه,etc خليل احمد خليل
700 1# - المدخل الاضافى - اسم شخصى
الإسم الشخصى بيار، بوت جان
260 ## - PUBLICATION, DISTRIBUTION, ETC. (IMPRINT)
تاريخ النشر أو التوزيع 1992
300 ## - الوصف المادى
التعداد 158 ص
490 ## - بيان السلسلة
عنوان السلسلة
650 04 - المدخل الاضافى بالموضوع-مصطلح موضوعى
مصطلح موضوعي الفلك
650 04 - المدخل الاضافى بالموضوع-مصطلح موضوعى
مصطلح موضوعي الكواكب لخارجى
942 ## - عناصر المدخل الإضافي( كوها)
مصدر التصنيف او مخطط الترفيف Dewey Decimal Classification
Koha [default] item type كتاب
260 ## - PUBLICATION, DISTRIBUTION, ETC. (IMPRINT)
-- [S.N] :
-- دار عويدان الدولية ،
Holdings
حالة التراجع حالة الفقد حالة تلف ليس للاعارة المكان المؤقت الموقع الحالى تاريخ الاكتساب اجمالي اﻻعارات رقم الطلب الباركود تاريخ اخر مشاهدة تاريخ تفعيل السعر نوع وعاء كوها
        مكتبة القاهرة الكبرى مكتبة القاهرة الكبرى 03/26/2014   500.5\ب هــ 87369 03/26/2014 03/26/2014 كتاب

Powered By

EGPV